000 00560nam a22002057a 4500
005 20251108174536.0
008 250721s2003 xx 000 0 eng d
020 _a1582348154
082 1 4 _aJ/F/AND
100 1 _aandreae, giles
245 1 0 _aMy Grandson Is A Genius ! /
264 1 _anew york :
_bBloomsbury Children's Books,
_c2003.
300 _a[ 20 P ]
650 1 7 _aFICTION
650 1 7 _aCHILDREN
653 _aاطفال مرحله متوسطه ( 6 - 9 سنوات )
700 1 _ahellard, sue
_eIllus.
942 _2ddc
_cBK
999 _c111827
_d111827